Gruñon y el mamut peludo

Saved in:
Bibliografiske detaljer
Hovedforfatter: Sampson, Derek (Author)
Format: Bog
Sprog:spansk
Udgivet: Madrid SM 1996
Udgivelse:11a. ed
Serier:El Barco a Vapor, 25
Fag:
Tags: Tilføj Tag
Ingen Tags, Vær først til at tagge denne postø!

MARC

LEADER 00000cam a2200000 a 4500
001 UCH6394
003 CL-VaPUC
008 091109e19960000SP |||||||||||||||||spa|d
020 |a 8434822172 
082 0 4 |a 823  |b SAM  |2 21 
100 0 |a Sampson, Derek  |e author  |9 542853 
245 1 0 |a Gruñon y el mamut peludo 
250 |a 11a. ed 
300 |a 96 p 
942 |c BK 
945 |d 20091109 00:00:00  |a lazolas 
260 |a Madrid  |b SM  |c 1996 
650 0 |a Cuentos ingleses  |9 265135 
650 0 |a Literatura inglesa  |9 312907 
650 0 |a Cuentos infantiles  |9 308044 
650 0 |a Formas y géneros literarios  |9 324031 
583 |a last modification  |c 20160520 16:17:24  |k Rodrigo Vera 
490 0 |a El Barco a Vapor, 25 
999 |c 337296  |d 337294